New Testament theology: the theology of Paul's letters to the Galatians... /
Պահպանված է:
| Հիմնական հեղինակ: | |
|---|---|
| Ձևաչափ: | Գիրք |
| Լեզու: | անգլերեն |
| Հրապարակվել է: |
New York :
Cambridge University Press.
|
| Խորագրեր: | |
| Ցուցիչներ: |
Չկան պիտակներ, Եղեք առաջինը, ով նշում է այս գրառումը!
|
MARC
| LEADER | 00000cam a22000002a 4500 | ||
|---|---|---|---|
| 001 | 0000012375 | ||
| 003 | DAYSTAR | ||
| 005 | 20171002014747.0 | ||
| 008 | 030703s xx 001 0 eng d | ||
| 020 | |a 0521359538 | ||
| 040 | |a Daystar | ||
| 040 | |d Gmuthoni | ||
| 050 | 1 | |a BS 2685.5 |b D87 | |
| 100 | 1 | |a Dunn, James. | |
| 245 | 1 | 0 | |a New Testament theology: the theology of Paul's letters to the Galatians... / |c James Dunn. |
| 260 | |a New York : |b Cambridge University Press. | ||
| 300 | |a xviii, 161. | ||
| 630 | 0 | 0 | |a 1993. |
| 908 | |a 060412 | ||
| 942 | |c G | ||
| 952 | |0 0 |1 0 |4 0 |6 BS_2685_000000000000000_5D87 |7 0 |9 6700 |a DUA |b DUA |c GC |d 2017-09-28 |l 0 |o BS 2685.5D87 |p BK004324 |r 2017-09-28 00:00:00 |w 2017-09-28 |x 27164 |y G | ||
| 999 | |c 4396 |d 4396 | ||